Claiming the heavens : the New York times complete guide to the star wars debate /

Bibliographic Details
Other Authors: Broad, William J.
Format: Book
Language:English
Published: New York, N.Y. : Times Books, 1988.
Edition:1st ed.
Subjects:

MARC

Tag First Indicator Second Indicator Subfields
LEADER 00000cam a22000008a 4500
001 in00000017954
005 20151007053115.0
008 870713s1988 nyuaf 00100 eng
010 |a  87040196  
020 |a 0812916476 :  |c $17.95 (est.) 
035 |a (OCoLC)16276643 
035 |9 AAB0433AM 
040 |a DLC  |c DLC  |d TXA  |d UtOrBLW 
043 |a n-us--- 
049 |a TXAM  |c [A11490100] 
050 0 0 |a UG743  |b .C58 1988 
082 0 |a 358/.1754  |2 19 
245 0 0 |a Claiming the heavens :  |b the New York times complete guide to the star wars debate /  |c Philip M. Boffey. 
250 |a 1st ed. 
263 |a 8801 
264 1 |a New York, N.Y. :  |b Times Books,  |c 1988. 
300 |a xvii, 299 pages, 2 unnumbered leaves of plates :  |b illustrations 
336 |a text  |b txt  |2 rdacontent 
337 |a unmediated  |b n  |2 rdamedia 
338 |a volume  |b nc  |2 rdacarrier 
500 |a Includes index. 
650 0 |a Strategic Defense Initiative. 
700 1 |a Broad, William J. 
730 0 |a New York times. 
999 |a MARS 
999 f f |s 0111a3b7-de64-327e-bf70-574eecda79df  |i 5c913159-489c-3447-808e-5fe5f4029635  |t 0